| 000 | 00670nam a2200241Ia 4500 | ||
|---|---|---|---|
| 001 | 11048 | ||
| 003 | GE_BSU | ||
| 008 | 181216s||||||||xx |||||||||||||| ||und|| | ||
| 020 | _a9785388001696 | ||
| 040 | _cGE_BSU | ||
| 080 | _a316.(075) | ||
| 100 | _aНазаренко,С.В. | ||
| 245 | _aСоциология:Учебное пособие. | ||
| 245 | _cВед.ред.Н.Кулагина;худ.С.Маликова. | ||
| 250 | _a2-е изд. | ||
| 260 | _aМосква | ||
| 260 | _bПитер. | ||
| 260 | _c2009. | ||
| 300 | _a496стр,илл,22см. | ||
| 541 | _h17л. | ||
| 653 | _aСоциология:Учебное пособие. | ||
| 942 | _cBK | ||
| 999 |
_c44290 _d44290 |
||